| 000 | 00415nam a2200181Ia 4500 | ||
|---|---|---|---|
| 001 | 665 | ||
| 005 | 20260306140534.0 | ||
| 008 | 260306t2011||||xx |||||||||||||| ||spa|| | ||
| 041 | _aESP | ||
| 082 |
_a128.2 _bQ62 |
||
| 100 |
_aQuintanilla, Pablo _eAUT |
||
| 245 | 0 | _aLógica, lenguaje y mente | |
| 260 | _c2011 | ||
| 300 |
_a430 páginas : _c24 cm. |
||
| 650 | _aGEN | ||
| 654 | _aCHU | ||
| 942 |
_cLIB _dJUS _fJUS _2ddc _n |
||
| 999 |
_c665 _d665 |
||